| 000 | 00618nam a2200229Ia 4500 | ||
|---|---|---|---|
| 003 | OSt | ||
| 005 | 20220918182058.0 | ||
| 006 | a|||||r|||| 00| 0 | ||
| 007 | ta | ||
| 008 | 220917b |||||||| |||| 00| 0 eng d | ||
| 024 | _a30,557 | ||
| 037 | _cTextual | ||
| 040 |
_aARTS _cARTS _beng |
||
| 041 |
_2eng _aeng |
||
| 082 | _aO111,3(Y:351.3)x, L7 | ||
| 245 | 0 | _aFolklore myth and legends of Britain | |
| 260 |
_aLondon _bReaders Digest Accociation UK _c1977 |
||
| 300 |
_a552p. _ccm. |
||
| 650 | _aENGLISH LITERATURE | ||
| 942 |
_hO111,3(Y:351.3)x, L7 _cTEXL _2CC |
||
| 999 |
_c167827 _d167827 |
||